Statistics for Composers and their Music

Click here to take the quiz!

General Stats

  • This quiz has been taken 3,887 times
  • The average score is 15 of 26

Answer Stats

HintAnswer% Correct
Ode To JoyLudwig van Beethoven
94%
Eine Kleine NachtmusikWolfgang Amadeus Mozart
93%
The Four SeasonsAntonio Vivaldi
91%
Toccata and FugueJohann Sebastian Bach
88%
Ride of the ValkyriesRichard Wagner
86%
1812 OverturePyotr Ilyich Tchaikovsky
79%
FinlandiaJean Sibelius
70%
CarmenGeorges Bizet
68%
Canon in DJohann Pachelbel
68%
In The Hall of the Mountain KingEdvard Grieg
66%
Music for the Royal FireworksGeorge Frideric Handel
66%
Hungarian Dance No. 6Johannes Brahms
66%
William Tell OvertureGioachino Rossini
62%
Flight of the BumblebeeNikolai Rimsky-Korsakov
60%
Carnival of the AnimalsCamille Saint-Saens
58%
La CampanellaFranz Liszt
58%
RigolettoGiuseppe Verdi
55%
The Wedding MarchFelix Mendelssohn
49%
Die FledermausJohann Strauss
47%
Appalachian SpringAaron Copland
45%
KinderszenenRobert Schumann
40%
Sabre DanceAram Khachaturian
26%
Pines of RomeOttorino Respighi
22%
Concierto de AranjuezJoaquin Rodrigo
19%
The Liberty BellJohn Philip Sousa
19%
Trumpet TuneHenry Purcell
16%

Score Distribution

Percentile by Number Answered

Percent of People with Each Score

Your Score History

You have not taken this quiz